• 首页
  • 本馆介绍
  • 公告通知
  • 最新文献
  • 馆藏检索
  • 电子资源
  • 读者导购
  • 参考咨询
  • 我的图书馆
  • 登录
  • 详细信息显示
  • 放入我的书架
  • 预约/预借图书
  • 作者相关作品
  • 分类相关作品
  • 丛书相关作品
  • 出版社相关作品

书目信息

  • 表格格式
  • 工作单格式
  • 卡片格式
题名:
中级财务会计学
    
 
作者: 王华 , 石本仁 主编
分册:  
出版信息: 广州   暨南大学出版社  2003
页数: 516页
开本: 23cm
丛书名: 新会计学系列教材
单 册:
中图分类: F234.4
科图分类:
主题词: 财务会计
电子资源:
ISBN: 7-81079-249-0
000 00868nam2 2200265 45
001 002465758
005 20050411091958.9
010    @a7-81079-249-0@dCNY42.00
100    @a20030929d2003 em y0chiy0110 ea
101 0  @achi
102    @aCN@b440000
105    @ay z 000yy
200 1  @a中级财务会计学@Azhong ji cai wu kuai ji xue@f王华,石本仁主编@FWang Hua,Shi Ben Ren Zhu Bian
205    @a3版
210    @a广州@c暨南大学出版社@d2003
215    @a516页@d23cm
225    @a新会计学系列教材
330    @a本书共有五编二十章,内容包括货币资金、应收款项、固定资产的购置与处理、折旧与折耗、收入确认与计量、费用确认与利润确定、现金流量表、所得税会计等。
410    @12001 @a新会计学系列教材
606 0  @a财务会计
690    @aF234.4@v4
701  0 @a王华@4主编
701  0 @a石本仁@4主编
801  0 @aCN@bNLC@c20040227
905    @b348297-301@dF234.4@e140=3@f5
    
    中级财务会计学/王华,石本仁主编.-3版.-广州:暨南大学出版社,2003
    516页;23cm.-(新会计学系列教材)
    
    
    ISBN 7-81079-249-0:CNY42.00
    本书共有五编二十章,内容包括货币资金、应收款项、固定资产的购置与处理、折旧与折耗、收入确认与计量、费用确认与利润确定、现金流量表、所得税会计等。
●
相关链接 在E读中查询图书 在五车中查询图书 在当当中查询图书 在豆瓣中查询图书


正题名:中级财务会计学     索取号:F234.4/140=3         预约/预借

序号 登录号 条形码 馆藏地/架位号 状态 备注
1 0348297   203482971   第一样本阅览室/ [索取号:F234.4/140=3] 在馆    
2 0348298   203482980   第一借阅区/ [索取号:F234.4/140=3] 已借出,限还日期为2006.03.01
借出人:阎立慧  
 
3 0348299   203482999   第一借阅区/ [索取号:F234.4/140=3] 在馆    
4 0348300   203483006   第一借阅区/ [索取号:F234.4/140=3] 在馆    
5 0348301   203483015   第一借阅区/ [索取号:F234.4/140=3] 在馆    
唐山师范学院图书馆 欢迎您!
大连网信软件有限公司© 版权所有